| 000 | 01903cam a2200433 a 4500 | ||
|---|---|---|---|
| 001 | 14631912 | ||
| 003 | OSt | ||
| 005 | 20140310184356.0 | ||
| 008 | 061113s1994 nyuag j 000 0deng d | ||
| 010 | _a 2006286014 | ||
| 020 | _a9780590425827 | ||
| 035 | _a(OCoLC)ocm49030352 | ||
| 035 | _a(OCoLC)49030352 | ||
| 040 |
_aDPB _cDPB _dOCLCQ _dBAKER _dDLC |
||
| 042 | _alccopycat | ||
| 043 | _an-us--- | ||
| 050 | 0 | 0 |
_aE 185.61 _b.L5185 1994 |
| 100 | 1 |
_aLevine, Ellen. _923148 |
|
| 245 | 1 | 0 |
_aIf you lived at the time of Martin Luther King / _cby Ellen Levine ; illustrated by Anna Rich. |
| 260 |
_aNew York : _bScholastic, _c1994 |
||
| 300 |
_a80 p. : _bcol. ill., music ; _c19 x 23 cm. |
||
| 520 | _aThis book focuses on the Civil Rights Movement of the 1950s and 1960s. Full-color art and an engaging question-and-answer format help children learn what it was like to participate in the Montgomery Bus Boycott, stage a sit-in at a lunch counter, join the famous March on Washington, and more. | ||
| 521 | _aG6 | ||
| 526 | _c810 | ||
| 562 | _e2 | ||
| 600 | 1 | 0 |
_aKing, Martin Luther, _cJr., _d1929-1968 _vJuvenile literature. _925573 |
| 600 | 1 | 1 |
_aKing, Martin Luther, _cJr., _d1929-1968. _925574 |
| 650 | 0 |
_aAfrican Americans _xCivil rights _xHistory _y20th century _vJuvenile literature. _925575 |
|
| 650 | 0 |
_aCivil rights movements _zUnited States _xHistory _y20th century _vJuvenile literature. _925576 |
|
| 650 | 1 |
_aAfrican Americans _xCivil rights. _925577 |
|
| 651 | 0 |
_aUnited States _xRace relations _xHistory _y20th century _vJuvenile literature. _925578 |
|
| 651 | 1 |
_aUnited States _xRace relations _xHistory. _925579 |
|
| 700 | 1 |
_aRich, Anna, _d1956-, _eill. _925580 |
|
| 906 |
_a7 _bcbc _ccopycat _d2 _encip _f20 _gy-gencatlg |
||
| 942 |
_2lcc _cBK-SCHOLAS |
||
| 999 |
_c34010 _d34010 |
||